[Event "DVM U14w 2015"]
[Site "Magdeburg GER"]
[Date "2015.12.28"]
[Round "3"]
[White "Weimert, Miriam"]
[Black "Reinecke, Katharina"]
[Result "1-0"]
[Termination "normal"]
[Board "1.1"]
[WhiteElo "1694"]
[BlackElo "1853"]
[WhiteTeam "SF Sasbach"]
[BlackTeam "SK Langen"]
[PlyCount "71"]
[WhiteFideId "12966703"]
[BlackFideId "12929727"]
[EventCountry "GER"]
[EventRounds "7"]
[EventType "team-swiss"]
[EventDate "2015.12.26"]

1. e4 c6 2. c4 d5 3. exd5 cxd5 4. cxd5 Nf6 5. Nc3 g6 6. Nf3 Bg7 7. Bc4 O-O 8.
O-O a6 9. a4 b6 10. d4 Bb7 11. Qb3 Qc7 12. Bg5 Nbd7 13. Rfe1 Rfe8 14. d6 Qxd6
15. Bxf7+ Kh8 16. Bxe8 Rxe8 17. Ne5 Nxe5 18. dxe5 Qc6 19. f3 Nd7 20. Rac1 Nxe5
21. Ne4 Qd5 22. Qxd5 Bxd5 23. Rc7 Nc4 24. Rxe7 Rxe7 25. Bxe7 Bd4+ 26. Kh1 Bxb2
27. Bf6+ Bxf6 28. Nxf6 Bf7 29. Rb1 b5 30. axb5 axb5 31. Rxb5 Nd6 32. Rb4 Kg7
33. Ne4 Nf5 34. Rb7 Kf8 35. Ng5 Bg8 36. Nxh7+ 1-0

[Event "DVM U14w 2015"]
[Site "Magdeburg GER"]
[Date "2015.12.28"]
[Round "3"]
[White "Poetsch, Leonore"]
[Black "Lohrmann, Tabea"]
[Result "0-1"]
[Termination "normal"]
[Board "1.2"]
[WhiteElo "1790"]
[BlackElo "1657"]
[WhiteTeam "SK Langen"]
[BlackTeam "SF Sasbach"]
[PlyCount "92"]
[WhiteFideId "12940372"]
[BlackFideId "12911941"]
[EventCountry "GER"]
[EventRounds "7"]
[EventType "team-swiss"]
[EventDate "2015.12.26"]

1. Nf3 Nf6 2. g3 c5 3. Bg2 Nc6 4. O-O d5 5. c3 e5 6. d4 e4 7. Ne1 Bf5 8. Bg5
cxd4 9. cxd4 Qb6 10. Bxf6 gxf6 11. Nc3 Be6 12. Nc2 Qxb2 13. Qd2 Bb4 14. Na4
Qxa1 15. Nxb4 Qxd4 16. Qxd4 Nxd4 17. e3 Nc6 18. Nxc6 bxc6 19. Rc1 Bd7 20. Bf1
Ke7 21. Nc5 Rab8 22. a4 Rb2 23. a5 Rhb8 24. a6 Rb1 25. Rxb1 Rxb1 26. Kg2 Kd6
27. Nb7+ Kc7 28. Be2 Kb6 29. Nd6 Be6 30. Ne8 c5 31. Nxf6 c4 32. f3 exf3+ 33.
Kxf3 c3 34. Bd3 Rb2 35. Bxh7 Rxh2 36. Bd3 c2 37. Bxc2 Rxc2 38. g4 Kxa6 39. g5
Kb6 40. Kf4 a5 41. Ke5 Rg2 42. e4 dxe4 43. Nxe4 a4 44. Kf6 a3 45. Nc3 a2 46.
Nxa2 Bxa2 0-1

[Event "DVM U14w 2015"]
[Site "Magdeburg GER"]
[Date "2015.12.28"]
[Round "3"]
[White "Ehmann, Johanna"]
[Black "Flach, Helene"]
[Result "1/2-1/2"]
[Termination "normal"]
[Board "1.3"]
[WhiteElo "1689"]
[BlackElo "1785"]
[WhiteTeam "SF Sasbach"]
[BlackTeam "SK Langen"]
[PlyCount "57"]
[WhiteFideId "12953130"]
[BlackFideId "12929735"]
[EventCountry "GER"]
[EventRounds "7"]
[EventType "team-swiss"]
[EventDate "2015.12.26"]

1. e4 c5 2. Nf3 e6 3. d4 cxd4 4. Nxd4 a6 5. c4 Qc7 6. Nc3 Nf6 7. Be3 Be7 8. Be2
b6 9. O-O Bb7 10. f3 d6 11. Qd2 Nbd7 12. Rac1 O-O 13. Rfd1 Rac8 14. Bf1 Rfd8
15. Rc2 Nc5 16. b3 Qb8 17. Qc1 Ba8 18. Rcd2 Ncd7 19. Qb2 Nc5 20. Nc2 Bb7 21.
Be2 Qc7 22. Bf1 Rf8 23. Nd4 Ncd7 24. Nc2 Rfe8 25. Kh1 Nc5 26. Be2 Rf8 27. Bf1
Ncd7 28. Be2 Rfd8 29. Bf1 1/2-1/2

[Event "DVM U14w 2015"]
[Site "Magdeburg GER"]
[Date "2015.12.28"]
[Round "3"]
[White "Riegel, Arinna"]
[Black "Schneider, Anna"]
[Result "1-0"]
[Termination "normal"]
[Board "1.4"]
[WhiteElo "1691"]
[BlackElo "1033"]
[WhiteTeam "SK Langen"]
[BlackTeam "SF Sasbach"]
[PlyCount "93"]
[WhiteFideId "12931446"]
[BlackFideId "16200527"]
[EventCountry "GER"]
[EventRounds "7"]
[EventType "team-swiss"]
[EventDate "2015.12.26"]

1. e4 e5 2. Nf3 Nc6 3. d4 exd4 4. Nxd4 Bc5 5. Be3 Nf6 6. Nxc6 bxc6 7. Bxc5 Nxe4
8. Qe2 d5 9. f3 Ba6 10. Qe3 Bxf1 11. Kxf1 Qb8 12. Ba3 Qb5+ 13. Ke1 c5 14. fxe4
O-O 15. Qxc5 Qe8 16. Qxd5 Rd8 17. Qf5 c5 18. Bxc5 Qb5 19. Ba3 Qb6 20. Qf2 Qa5+
21. Nc3 Rfe8 22. Kf1 Qa6+ 23. Qe2 Qf6+ 24. Ke1 Qg5 25. Rd1 Rxd1+ 26. Kxd1 Rd8+
27. Ke1 Qc1+ 28. Nd1 Qf4 29. g3 Qg5 30. Rf1 Qa5+ 31. c3 Qb6 32. Qc4 h6 33. Rxf7
Kh7 34. Qc5 Qe6 35. Qf5+ Qxf5 36. exf5 Re8+ 37. Re7 Rf8 38. g4 a5 39. Rxg7+
Kxg7 40. Bxf8+ Kxf8 41. c4 Ke7 42. c5 Kd7 43. f6 Ke6 44. c6 Kxf6 45. c7 Kg5 46.
c8=Q Kf4 47. Qf5# 1-0

[Event "DVM U14w 2015"]
[Site "Magdeburg GER"]
[Date "2015.12.28"]
[Round "3"]
[White "Arnhold, Steffi"]
[Black "Schnabel, Luise"]
[Result "0-1"]
[Termination "normal"]
[Board "2.2"]
[WhiteElo "1574"]
[BlackElo "1599"]
[WhiteTeam "SV Dresden-Leuben"]
[BlackTeam "Schachpinguine Berlin"]
[PlyCount "100"]
[WhiteFideId "12931365"]
[BlackFideId "12943347"]
[EventCountry "GER"]
[EventRounds "7"]
[EventType "team-swiss"]
[EventDate "2015.12.26"]

1. e4 c5 2. Nf3 d6 3. d4 cxd4 4. Nxd4 Nf6 5. Nc3 a6 6. Bd3 e6 7. Be3 Be7 8. O-O
Nbd7 9. f4 Qc7 10. Qf3 O-O 11. Qg3 b5 12. a3 Rb8 13. Bd2 Qc5 14. Be3 Qc7 15.
Be2 Nc5 16. Bf3 Bb7 17. e5 Nfe4 18. Bxe4 Nxe4 19. Nxe4 Bxe4 20. f5 dxe5 21. f6
Bxf6 22. Rxf6 Qd8 23. Raf1 exd4 24. Bd2 Bg6 25. R6f2 Qd5 26. Bb4 Rfc8 27. Kh1
e5 28. Re2 Re8 29. Rfe1 f6 30. Rd2 Ra8 31. Rf2 a5 32. Bd2 e4 33. Bf4 d3 34.
cxd3 exd3 35. Rd2 Rxe1+ 36. Qxe1 Re8 37. Qf2 Bh5 38. h3 Qe4 39. Bg3 Qe3 40.
Qxe3 Rxe3 41. Bc7 a4 42. Kg1 Be2 43. Kf2 Re7 44. Ba5 Kf7 45. Bb4 Rc7 46. Bc3
Ke6 47. Ke3 Kd5 48. g3 Re7+ 49. Kf4 Re4+ 50. Kf5 Rc4 0-1

[Event "DVM U14w 2015"]
[Site "Magdeburg GER"]
[Date "2015.12.28"]
[Round "3"]
[White "Grey, Andrea"]
[Black "Wong, Kar Yan"]
[Result "0-1"]
[Termination "normal"]
[Board "2.3"]
[WhiteElo "1364"]
[BlackElo "1590"]
[WhiteTeam "Schachpinguine Berlin"]
[BlackTeam "SV Dresden-Leuben"]
[PlyCount "144"]
[WhiteFideId "12971880"]
[BlackFideId "12971855"]
[EventCountry "GER"]
[EventRounds "7"]
[EventType "team-swiss"]
[EventDate "2015.12.26"]

1. c4 e6 2. d4 d5 3. e3 Nf6 4. a3 a6 5. Nc3 dxc4 6. Bxc4 b5 7. Bd3 Bb7 8. Nf3
c5 9. Be2 Nbd7 10. O-O Be7 11. dxc5 Nxc5 12. b4 Ncd7 13. Bb2 O-O 14. Qb3 Rc8
15. Rfd1 Qc7 16. Rac1 Qb8 17. h3 Nb6 18. Nd2 Rfd8 19. Bf3 Bxf3 20. Nxf3 Nc4 21.
Ne2 Nxb2 22. Qxb2 Nd5 23. Ned4 Bf6 24. Qb3 Rxc1 25. Rxc1 Rc8 26. Qd1 h6 27. Qe1
Rxc1 28. Qxc1 Qc7 29. Qxc7 Nxc7 30. Nd2 Bxd4 31. exd4 Kf8 32. Kf1 Ke7 33. Ke2
Kd6 34. Kd3 Kd5 35. Ne4 f5 36. Nc5 g5 37. g3 h5 38. f4 g4 39. h4 Kd6 40. Kc3
Nd5+ 41. Kd3 Nb6 42. Nxa6 Nc4 43. Nc5 Nxa3 44. Nb3 Nc4 45. Nc5 Nb6 46. Kc3 Nd5+
47. Kb3 Nxf4 48. Nb7+ Kd5 49. Kc2 Ne2 50. Kd3 Nxg3 51. Nc5 f4 52. Nd7 Kd6 53.
Ne5 f3 54. Ke3 Nf5+ 55. Kf2 Nxd4 56. Nd3 e5 57. Kg3 Nf5+ 58. Kf2 Nxh4 59. Nc5
Ng6 60. Ne4+ Kc6 61. Nf6 Nf4 62. Kg3 h4+ 63. Kf2 Nd3+ 64. Ke3 f2 65. Ke2 g3 66.
Kf1 h3 67. Ne4 g2+ 68. Ke2 f1=Q+ 69. Kd2 Qf4+ 70. Kc3 Qxe4 71. Kd2 Nxb4 72. Kc1
Qc2# 0-1

[Event "DVM U14w 2015"]
[Site "Magdeburg GER"]
[Date "2015.12.28"]
[Round "3"]
[White "Klemke, Kassandra"]
[Black "Zhou, Lepu Coco"]
[Result "1-0"]
[Termination "normal"]
[Board "2.4"]
[WhiteElo "1157"]
[BlackElo "1050"]
[WhiteTeam "SV Dresden-Leuben"]
[BlackTeam "Schachpinguine Berlin"]
[PlyCount "129"]
[WhiteFideId "16217128"]
[BlackFideId "16217136"]
[EventCountry "GER"]
[EventRounds "7"]
[EventType "team-swiss"]
[EventDate "2015.12.26"]

1. e4 e5 2. Nf3 Nc6 3. Nc3 Nf6 4. d4 exd4 5. Nxd4 Bc5 6. Be3 Nxd4 7. Bxd4 Bxd4
8. Qxd4 O-O 9. f3 d6 10. O-O-O Be6 11. Be2 h6 12. g4 Qd7 13. Kb1 Rfb8 14. h4 a6
15. g5 hxg5 16. hxg5 Nh7 17. f4 Bg4 18. Rh4 Bxe2 19. Nxe2 c5 20. Qxd6 Qxd6 21.
Rxd6 Rd8 22. Rxd8+ Rxd8 23. c3 Rd7 24. Rh2 Rd3 25. e5 f6 26. gxf6 gxf6 27. e6
f5 28. e7 Re3 29. Rg2+ Kf7 30. Ng3 Rxe7 31. Nxf5 Re6 32. Rg7+ Kf6 33. Rxh7 Kxf5
34. Rxb7 Kxf4 35. Rc7 Re5 36. Rc6 a5 37. Kc2 Re2+ 38. Kc1 Re1+ 39. Kc2 Re2+ 40.
Kb3 a4+ 41. Kxa4 Rxb2 42. Ka3 Rb5 43. Ka4 Rb2 44. a3 Ke4 45. Rxc5 Kd3 46. Rc8
Rb7 47. c4 Kd4 48. Rc6 Kc3 49. Ka5 Ra7+ 50. Kb6 Rxa3 51. c5 Kc4 52. Rc7 Rb3+
53. Kc6 Rb5 54. Kd6 Kd4 55. c6 Rd5+ 56. Ke6 Re5+ 57. Kd7 Rd5+ 58. Kc8 Rd6 59.
Kb7 Kc5 60. Rc8 Kb5 61. Rc7 Kc5 62. Rh7 Rxc6 63. Rh5+ Kd6 64. Rh6+ Kd5 65. Rxc6
1-0

[Event "DVM U14w 2015"]
[Site "Magdeburg GER"]
[Date "2015.12.28"]
[Round "3"]
[White "Nguyen, Ha Thanh"]
[Black "Fromm, Katja"]
[Result "1/2-1/2"]
[Termination "normal"]
[Board "3.1"]
[WhiteElo "1691"]
[BlackElo "1653"]
[WhiteTeam "SV Empor Erfurt"]
[BlackTeam "Muldental Wilkau-Haßlau"]
[PlyCount "138"]
[WhiteFideId "12942154"]
[BlackFideId "12929409"]
[EventCountry "GER"]
[EventRounds "7"]
[EventType "team-swiss"]
[EventDate "2015.12.26"]

1. e4 c6 2. Nc3 d5 3. Nf3 dxe4 4. Nxe4 Nd7 5. Bc4 Ngf6 6. Ng3 e6 7. O-O Bd6 8.
d4 O-O 9. c3 Qc7 10. Qd3 Re8 11. Re1 Bf8 12. Bb3 g6 13. Ne2 b6 14. Bf4 Bd6 15.
Bxd6 Qxd6 16. Rad1 Bb7 17. Ng3 Rad8 18. Qd2 Kg7 19. Qc1 Qc7 20. Bc2 c5 21. Ng5
h6 22. N5e4 Nxe4 23. Nxe4 Qc6 24. f3 f5 25. Ng3 cxd4 26. Rxd4 Nc5 27. Red1 Rxd4
28. Rxd4 Re7 29. Qd1 Rd7 30. b4 e5 31. Rd2 Rxd2 32. Qxd2 Nd7 33. Bb3 b5 34. Qd3
a6 35. c4 bxc4 36. Qxc4 Qxc4 37. Bxc4 Nb6 38. Bb3 Nd5 39. a3 Nc3 40. Kf2 Nb5
41. a4 Nd4 42. Bc4 Kf6 43. Ne2 Nc2 44. b5 axb5 45. Bxb5 Na3 46. Be8 Nc4 47. Bb5
Na5 48. Nc3 Ke6 49. Ke3 g5 50. Kd3 Ke7 51. Nd1 h5 52. Ne3 Ke6 53. Nc4 Nxc4 54.
Bxc4+ Kd6 55. Bf7 h4 56. Bg6 e4+ 57. fxe4 Bxe4+ 58. Ke2 Bxg2 59. Bxf5 Ke5 60.
Bd7 Bb7 61. Kf2 Kf4 62. Be8 g4 63. Bd7 Ba6 64. Bb5 Bc8 65. Bc6 Ba6 66. Bb5 Bb7
67. a5 g3+ 68. hxg3+ hxg3+ 69. Kg1 Ke4 1/2-1/2

[Event "DVM U14w 2015"]
[Site "Magdeburg GER"]
[Date "2015.12.28"]
[Round "3"]
[White "Böhle, Rebecca"]
[Black "Schulz, Theresa Charlotte"]
[Result "0-1"]
[Termination "normal"]
[Board "3.2"]
[WhiteElo "1472"]
[BlackElo "1669"]
[WhiteTeam "Muldental Wilkau-Haßlau"]
[BlackTeam "SV Empor Erfurt"]
[PlyCount "88"]
[WhiteFideId "12963933"]
[BlackFideId "12952206"]
[EventCountry "GER"]
[EventRounds "7"]
[EventType "team-swiss"]
[EventDate "2015.12.26"]

1. e4 c5 2. c3 d5 3. e5 Nc6 4. d4 cxd4 5. cxd4 Bf5 6. Nf3 e6 7. Nc3 Nge7 8. Be3
Bg6 9. Nh4 Nf5 10. Nxg6 hxg6 11. Be2 Nxe3 12. fxe3 Qg5 13. Qd2 Qxg2 14. O-O-O
Rxh2 15. Rxh2 Qxh2 16. Nb5 Rc8 17. Kb1 Qh6 18. Qd3 Qg5 19. Rc1 Qf5 20. Qxf5
gxf5 21. Rg1 a6 22. Nd6+ Bxd6 23. exd6 g6 24. Rh1 Kd7 25. Rh7 Rf8 26. a3 Kxd6
27. b4 e5 28. dxe5+ Kxe5 29. Kc2 d4 30. exd4+ Nxd4+ 31. Kd2 Nxe2 32. Kxe2 g5
33. Rg7 g4 34. Kf2 Kf6 35. Rh7 f4 36. Rh1 Re8 37. Rg1 Kf5 38. Rc1 g3+ 39. Kg2
Kg4 40. Rc4 Re2+ 41. Kg1 f5 42. a4 Re4 43. Rc7 f3 44. Rg7+ Kf4 0-1

[Event "DVM U14w 2015"]
[Site "Magdeburg GER"]
[Date "2015.12.28"]
[Round "3"]
[White "Rieger, Lotta"]
[Black "Von Jan, Lena"]
[Result "1/2-1/2"]
[Termination "normal"]
[Board "3.3"]
[WhiteElo "1442"]
[BlackElo "1424"]
[WhiteTeam "SV Empor Erfurt"]
[BlackTeam "Muldental Wilkau-Haßlau"]
[PlyCount "59"]
[WhiteFideId "12964620"]
[BlackFideId "12946060"]
[EventCountry "GER"]
[EventRounds "7"]
[EventType "team-swiss"]
[EventDate "2015.12.26"]

1. e4 e5 2. Nf3 Nc6 3. Bb5 a6 4. Ba4 Nf6 5. Qe2 b5 6. Bb3 Bc5 7. d3 d6 8. Bg5
Be6 9. Nbd2 Bg4 10. c3 Bb6 11. Bd5 Qd7 12. Bxf6 gxf6 13. a4 Rd8 14. axb5 axb5
15. Nf1 Ne7 16. h3 Nxd5 17. exd5 Bh5 18. Ng3 Bg6 19. Nh4 f5 20. Qf3 f4 21. Ne4
Qe7 22. Nxg6 fxg6 23. Qg4 O-O 24. Ng5 Rf5 25. Ne6 Re8 26. Ra6 Qd7 27. h4 Qf7
28. h5 Qf6 29. hxg6 Qxg6 30. Qh3 1/2-1/2

[Event "DVM U14w 2015"]
[Site "Magdeburg GER"]
[Date "2015.12.28"]
[Round "3"]
[White "Dietzel, Emilie"]
[Black "Geletzke, Hannah"]
[Result "1/2-1/2"]
[Termination "normal"]
[Board "3.4"]
[WhiteElo "1160"]
[BlackElo "1514"]
[WhiteTeam "Muldental Wilkau-Haßlau"]
[BlackTeam "SV Empor Erfurt"]
[PlyCount "65"]
[WhiteFideId "16217144"]
[BlackFideId "12983330"]
[EventCountry "GER"]
[EventRounds "7"]
[EventType "team-swiss"]
[EventDate "2015.12.26"]

1. e4 c5 2. Nf3 Nc6 3. Be2 g6 4. O-O Bg7 5. c3 d5 6. d3 Qd6 7. Nbd2 Nf6 8. Qc2
O-O 9. Nb3 b6 10. Be3 Bb7 11. exd5 Nxd5 12. Bd2 Rad8 13. Rad1 Rd7 14. Bc1 Rfd8
15. d4 cxd4 16. Nbxd4 Nxd4 17. Nxd4 Nf4 18. Bxf4 Qxf4 19. Nf3 Bxf3 20. Bxf3 Be5
21. Rfe1 Qxh2+ 22. Kf1 Qf4 23. Rxd7 Rxd7 24. Re4 Qf5 25. Bg4 Rd2 26. Bxf5 Rxc2
27. Rxe5 gxf5 28. Rxe7 a5 29. Re2 Rc1+ 30. Re1 Rc2 31. Re2 Rc1+ 32. Re1 Rc2 33.
Re2 1/2-1/2

[Event "DVM U14w 2015"]
[Site "Magdeburg GER"]
[Date "2015.12.28"]
[Round "3"]
[White "Kunisch, Nina"]
[Black "Kublanov, Elizabeth"]
[Result "1/2-1/2"]
[Termination "normal"]
[Board "4.1"]
[WhiteElo "1406"]
[BlackElo "1414"]
[WhiteTeam "SK Neumarkt"]
[BlackTeam "SG Solingen"]
[PlyCount "40"]
[WhiteFideId "12982849"]
[BlackFideId "12944564"]
[EventCountry "GER"]
[EventRounds "7"]
[EventType "team-swiss"]
[EventDate "2015.12.26"]

1. e4 e5 2. Nf3 Nc6 3. Nc3 Nf6 4. a3 Bc5 5. Nxe5 Bxf2+ 6. Kxf2 Nxe5 7. Be2 d6
8. Rf1 Nfg4+ 9. Kg1 Qh4 10. h3 Nf6 11. d4 Ng6 12. Nd5 Nxd5 13. exd5 O-O 14. c3
Bxh3 15. gxh3 Qg3+ 16. Kh1 Qxh3+ 17. Kg1 Qg3+ 18. Kh1 Qh3+ 19. Kg1 Qg3+ 20. Kh1
Qh3+ 1/2-1/2

[Event "DVM U14w 2015"]
[Site "Magdeburg GER"]
[Date "2015.12.28"]
[Round "3"]
[White "Berelowitsch, Dana"]
[Black "Schilay, Maria"]
[Result "1-0"]
[Termination "normal"]
[Board "4.2"]
[WhiteElo "1399"]
[BlackElo "1190"]
[WhiteTeam "SG Solingen"]
[BlackTeam "SK Neumarkt"]
[PlyCount "95"]
[WhiteFideId "12977144"]
[BlackFideId "12942979"]
[EventCountry "GER"]
[EventRounds "7"]
[EventType "team-swiss"]
[EventDate "2015.12.26"]

1. e4 e5 2. Nf3 Nc6 3. Bb5 a6 4. Ba4 Nf6 5. O-O d6 6. Re1 Be7 7. c3 b5 8. Bb3
d5 9. exd5 Nxd5 10. Nxe5 Qd6 11. Nxc6 Qxc6 12. Qe2 Be6 13. d4 O-O 14. Qf3 Bd6
15. Nd2 Rae8 16. Ne4 a5 17. Bd2 a4 18. Bc2 f5 19. Ng5 h6 20. Nxe6 Rxe6 21. Rxe6
Bxh2+ 22. Kxh2 Qxe6 23. Re1 Qd6+ 24. Kg1 Ne7 25. Bf4 Qd7 26. Qg3 Nd5 27. Bxh6
f4 28. Qg6 Nf6 29. Bxf4 Qf7 30. f3 c6 31. Qf5 Qxa2 32. Qe6+ Qxe6 33. Rxe6 Rc8
34. Bf5 Rf8 35. Rxc6 Nh5 36. Be6+ Kh8 37. Be5 Nf6 38. Rc8 Re8 39. Bxf6 Rxc8 40.
Bxc8 gxf6 41. d5 Kg7 42. d6 Kf7 43. d7 Ke7 44. g4 Kd8 45. f4 Ke7 46. g5 fxg5
47. fxg5 Kd8 48. g6 1-0

[Event "DVM U14w 2015"]
[Site "Magdeburg GER"]
[Date "2015.12.28"]
[Round "3"]
[White "Held, Fabienne"]
[Black "Bashylina, Luisa"]
[Result "0-1"]
[Termination "normal"]
[Board "4.3"]
[WhiteElo "1157"]
[BlackElo "1231"]
[WhiteTeam "SK Neumarkt"]
[BlackTeam "SG Solingen"]
[PlyCount "80"]
[WhiteFideId "12964670"]
[BlackFideId "12983292"]
[EventCountry "GER"]
[EventRounds "7"]
[EventType "team-swiss"]
[EventDate "2015.12.26"]

1. e4 e5 2. Nf3 d6 3. h3 Be7 4. Nc3 Nf6 5. Bc4 O-O 6. d3 h6 7. Be3 Nc6 8. Qe2
a6 9. O-O Be6 10. Bb3 Bxb3 11. axb3 Nh7 12. Nd5 f5 13. Bd2 Nf6 14. Nxe7+ Nxe7
15. Nh2 fxe4 16. dxe4 Qe8 17. Qf3 Qg6 18. Rfe1 Rf7 19. Ng4 Raf8 20. Qg3 Nxe4
21. Qe3 Ng5 22. Re2 Nf5 23. Qd3 e4 24. Qd5 h5 25. Ne3 Nxh3+ 26. Kf1 Ng3+ 27.
Ke1 Nxe2 28. Kxe2 c6 29. Qd4 Rxf2+ 30. Kd1 Rf1+ 31. Nxf1 Qg4+ 32. Ke1 Qxg2 33.
Qc4+ d5 34. Qe2 Rf2 35. Qxf2 Qxf2+ 36. Kd1 Qxf1+ 37. Be1 Nf4 38. c4 Qe2+ 39.
Kc1 Nd3+ 40. Kb1 Qxb2# 0-1

[Event "DVM U14w 2015"]
[Site "Magdeburg GER"]
[Date "2015.12.28"]
[Round "3"]
[White "Möller, Laura"]
[Black "Burger, Daiana"]
[Result "1-0"]
[Termination "normal"]
[Board "4.4"]
[WhiteElo "1696"]
[BlackElo "756"]
[WhiteTeam "SG Solingen"]
[BlackTeam "SK Neumarkt"]
[PlyCount "49"]
[WhiteFideId "12911720"]
[BlackFideId "16217233"]
[EventCountry "GER"]
[EventRounds "7"]
[EventType "team-swiss"]
[EventDate "2015.12.26"]

1. c4 e5 2. Nc3 Nc6 3. g3 Nf6 4. Bg2 Bc5 5. Nf3 d6 6. O-O O-O 7. d3 Be6 8. b3
Qd7 9. Ng5 Bf5 10. e4 Bg4 11. Qe1 h6 12. Nf3 Bh3 13. Nd5 Qc8 14. b4 Bb6 15. b5
Bxg2 16. Kxg2 Qd7 17. bxc6 bxc6 18. Nxf6+ gxf6 19. Bxh6 Rfe8 20. Nh4 Kh7 21.
Nf5 Rg8 22. Qe2 Bd4 23. Qh5 Rg6 24. Bg7+ Kg8 25. Qh8# 1-0

[Event "DVM U14w 2015"]
[Site "Magdeburg GER"]
[Date "2015.12.28"]
[Round "3"]
[White "Rudolph, Eva"]
[Black "Kolb, Verena"]
[Result "0-1"]
[Termination "normal"]
[Board "5.1"]
[WhiteElo "1562"]
[BlackElo "1800"]
[WhiteTeam "Düsseldorfer SK 14/25"]
[BlackTeam "SC Erlangen 48/88"]
[PlyCount "84"]
[WhiteFideId "16200594"]
[BlackFideId "12992313"]
[EventCountry "GER"]
[EventRounds "7"]
[EventType "team-swiss"]
[EventDate "2015.12.26"]

1. e4 e6 2. c4 c6 3. d4 d5 4. cxd5 exd5 5. exd5 cxd5 6. Bd3 Nc6 7. Nf3 Nf6 8.
a3 Bg4 9. Be2 Qb6 10. Nbd2 O-O-O 11. O-O Nxd4 12. Nxd4 Qxd4 13. Qc2+ Kb8 14.
Nb3 Qb6 15. Bd3 Rc8 16. Bf4+ Bd6 17. Bxd6+ Qxd6 18. Qd2 Qb6 19. Qf4+ Ka8 20.
Nd2 Qxb2 21. Rfb1 Qc3 22. Re1 Qxd3 23. f3 Be6 24. a4 Rc6 25. a5 Rhc8 26. Nf1
Rc4 27. Qd6 Qd4+ 28. Kh1 Qc5 29. Qg3 Nh5 30. Qg5 d4 31. Qd2 Qb4 32. Qd3 Nf6 33.
Red1 Rc3 34. Qxd4 Qxd4 35. Rxd4 Rc1 36. Rxc1 Rxc1 37. Kg1 a6 38. Kf2 Ra1 39.
Rd8+ Ka7 40. Nd2 Rxa5 41. g4 Rd5 42. Rxd5 Bxd5 0-1

[Event "DVM U14w 2015"]
[Site "Magdeburg GER"]
[Date "2015.12.28"]
[Round "3"]
[White "Du, Jessica"]
[Black "Paulweber, Lara Maria"]
[Result "1-0"]
[Termination "normal"]
[Board "5.2"]
[WhiteElo "1188"]
[BlackElo "1404"]
[WhiteTeam "SC Erlangen 48/88"]
[BlackTeam "Düsseldorfer SK 14/25"]
[PlyCount "147"]
[WhiteFideId "12988529"]
[BlackFideId "12954411"]
[EventCountry "GER"]
[EventRounds "7"]
[EventType "team-swiss"]
[EventDate "2015.12.26"]

1. e4 e6 2. d4 d5 3. Nd2 c5 4. exd5 exd5 5. Ndf3 Bd6 6. Ne2 Ne7 7. Ng3 Nbc6 8.
c3 Bg4 9. Be2 Qb6 10. O-O Bxf3 11. Bxf3 cxd4 12. cxd4 Qxd4 13. Qe2 O-O 14. Rd1
Qc5 15. Qd2 Bxg3 16. hxg3 Rad8 17. b3 Ne5 18. Bb2 Nxf3+ 19. gxf3 f6 20. Rac1
Qd6 21. Bc3 Nc6 22. Bd4 Ne5 23. Kg2 b6 24. Be3 Rd7 25. Rh1 g5 26. f4 d4 27.
fxe5 Qd5+ 28. Kg1 dxe3 29. Qxd5+ Rxd5 30. fxe3 fxe5 31. Rc2 Rd1+ 32. Kg2 Rxh1
33. Kxh1 Rf3 34. Kg2 Rxe3 35. Rc8+ Kf7 36. Rc7+ Kg6 37. Rxa7 Re2+ 38. Kf3 Rc2
39. Ra6 Rc6 40. Ke4 Re6 41. a4 Kf6 42. g4 Rd6 43. a5 Rd4+ 44. Kf3 Rf4+ 45. Kg3
e4 46. Rxb6+ Kf7 47. Rb5 e3 48. Rf5+ Rxf5 49. gxf5 g4 50. Kg2 h5 51. a6 h4 52.
a7 h3+ 53. Kf1 g3 54. a8=Q g2+ 55. Kg1 e2 56. Qe4 Kf6 57. Qxe2 Kxf5 58. Qf3+
Kg5 59. Qxh3 Kf4 60. Kxg2 Kg5 61. Kg3 Kg6 62. Kg4 Kf6 63. Qh5 Ke7 64. Qg6 Kd7
65. Qf6 Kc7 66. Qe6 Kb7 67. Qd6 Ka7 68. Qc6 Kb8 69. Qd7 Ka8 70. Kf5 Kb8 71. Ke5
Ka8 72. Kd5 Kb8 73. Kc6 Ka8 74. Qb7# 1-0

[Event "DVM U14w 2015"]
[Site "Magdeburg GER"]
[Date "2015.12.28"]
[Round "3"]
[White "Sokolowski, Judith"]
[Black "Eisenburger, Melissa"]
[Result "1-0"]
[Termination "normal"]
[Board "5.3"]
[WhiteElo "1217"]
[BlackElo "1181"]
[WhiteTeam "Düsseldorfer SK 14/25"]
[BlackTeam "SC Erlangen 48/88"]
[PlyCount "85"]
[WhiteFideId "16200624"]
[BlackFideId "16217209"]
[EventCountry "GER"]
[EventRounds "7"]
[EventType "team-swiss"]
[EventDate "2015.12.26"]

1. e4 e5 2. Nf3 Nf6 3. Nxe5 d6 4. Nf3 Nxe4 5. Nc3 Nf6 6. d4 d5 7. Bf4 Bb4 8.
Bd2 O-O 9. Bd3 Bxc3 10. bxc3 Re8+ 11. Be3 Ng4 12. Qd2 Nxe3 13. fxe3 Bg4 14. O-O
Nd7 15. Qf2 Bxf3 16. Qxf3 Nf6 17. c4 Re7 18. cxd5 Qxd5 19. Qxd5 Nxd5 20. e4 Nc3
21. Rfe1 g6 22. a4 c6 23. Ra3 Nxe4 24. Rxe4 Rd7 25. Bc4 Rad8 26. Rd3 a6 27. a5
Kg7 28. c3 c5 29. d5 f5 30. Re6 Kf7 31. Rb6 Kg7 32. Rd1 Re8 33. Rdb1 Ree7 34.
d6 Re4 35. Rxb7 Rxb7 36. Rxb7+ Kf8 37. Bxa6 Re1+ 38. Bf1 Ra1 39. a6 c4 40. Rb8+
Kf7 41. d7 Rxa6 42. d8=Q Kg7 43. Qf8# 1-0

[Event "DVM U14w 2015"]
[Site "Magdeburg GER"]
[Date "2015.12.28"]
[Round "3"]
[White "Strobel, Miriam"]
[Black "Kogan, Dina Rachel"]
[Result "1-0"]
[Termination "normal"]
[Board "5.4"]
[WhiteElo "842"]
[BlackElo "1200"]
[WhiteTeam "SC Erlangen 48/88"]
[BlackTeam "Düsseldorfer SK 14/25"]
[PlyCount "109"]
[WhiteFideId "16217225"]
[BlackFideId "16200608"]
[EventCountry "GER"]
[EventRounds "7"]
[EventType "team-swiss"]
[EventDate "2015.12.26"]

1. e4 d5 2. exd5 Qxd5 3. Nc3 Qd6 4. Nf3 a6 5. Bc4 Nf6 6. O-O e6 7. d3 Be7 8.
Be3 O-O 9. Rb1 b5 10. Bb3 Bb7 11. Ng5 Ng4 12. Qxg4 f5 13. Qe2 Rf6 14. Qh5 h6
15. Nf3 Nd7 16. Rfe1 Nf8 17. Bd4 Rg6 18. Be5 Qc6 19. Kf1 Bc5 20. Bg3 Re8 21.
Ne5 Qxg2+ 22. Ke2 Rxg3 23. hxg3 Qxf2+ 24. Kd1 Ng6 25. Qxg6 Bf3+ 26. Nxf3 Qxf3+
27. Ne2 Rd8 28. Bxe6+ Kh8 29. Bxf5 Kg8 30. Be4 Qf2 31. Kd2 Be3+ 32. Kc3 a5 33.
Qh7+ Kf8 34. Rf1 b4+ 35. Kb3 a4+ 36. Kxa4 Ra8+ 37. Kb3 Ke7 38. Rxf2 Bxf2 39.
Qxg7+ Kd6 40. Qf6+ Kd7 41. Qxf2 Re8 42. Qf5+ Kd8 43. Kxb4 h5 44. Qxh5 c5+ 45.
Qxc5 Re7 46. Qf5 Kc7 47. g4 Rg7 48. g5 Kd6 49. Qf6+ Kc7 50. Qxg7+ Kd6 51. Qd4+
Ke7 52. Rh1 Kf7 53. Rh6 Kf8 54. Rh7 Kg8 55. Qd8# 1-0

[Event "DVM U14w 2015"]
[Site "Magdeburg GER"]
[Date "2015.12.28"]
[Round "3"]
[White "Schneider, Xenia"]
[Black "Walow, Xenia"]
[Result "0-1"]
[Termination "normal"]
[Board "6.1"]
[WhiteElo "1306"]
[BlackElo "1532"]
[WhiteTeam "SK Endingen"]
[BlackTeam "SK Blauer Springer Paderborn 1926"]
[PlyCount "80"]
[WhiteFideId "12911984"]
[BlackFideId "12971839"]
[EventCountry "GER"]
[EventRounds "7"]
[EventType "team-swiss"]
[EventDate "2015.12.26"]

1. e4 c5 2. Nf3 d6 3. Bb5+ Bd7 4. Bxd7+ Nxd7 5. O-O g6 6. c3 Bg7 7. d4 cxd4 8.
cxd4 e6 9. Bf4 Qb6 10. Qd2 Ne7 11. Nc3 Nf6 12. Rfd1 O-O 13. e5 dxe5 14. dxe5
Nfd5 15. Rab1 Rac8 16. Ne4 Nf5 17. Bg5 h6 18. Bf6 Kh7 19. Qd3 Bxf6 20. exf6
Rfd8 21. Qa3 a6 22. Nfg5+ hxg5 23. Rxd5 exd5 24. Qh3+ Kg8 25. Nxg5 Qxf6 26. Nf3
Rc2 27. g4 Nd4 28. Nxd4 Qxf2+ 29. Kh1 Qxd4 30. Qf3 Qe4 31. Qxe4 dxe4 32. a4
Rdd2 33. b4 Rxh2+ 34. Kg1 Rcg2+ 35. Kf1 Rh1+ 36. Kxg2 Rxb1 37. Kf2 Rxb4 38. a5
Rb3 39. Ke2 f5 40. gxf5 gxf5 0-1